Statistiche per Palloni d'Oro della Premier League

Clicka qui per fare il quiz!

Statistiche generali

  • Questo quiz è stato fatto 20 volte
  • Il punteggio medio è 4 su 6

Statistiche sulle risposte

EdizioneNazioneCalciatore% Corretto
2008PortogalloCristiano Ronaldo
100%
1968Irlanda del NordGeorge Best
84%
2001InghilterraMichael Owen
84%
1966InghilterraBobby Charlton
63%
1964ScoziaDenis Law
26%
1956InghilterraStanley Matthews
21%

Distribuzione punteggi

Percentile per numero di risposta

Percentuale di utenti per punteggio

I tuoi punteggi nel tempo

Non hai fatto questo quiz